| 000 | 00732nam a2200229 a 4500 | ||
|---|---|---|---|
| 001 | 000027470 | ||
| 003 | DO-SdBNP | ||
| 005 | 20250623100642.0 | ||
| 008 | 110401s1958 sp 000 0 spa d | ||
| 040 |
_aDO-SdBNP _bspa _cBNPHU |
||
| 041 | 0 | 7 | _aeng |
| 082 | 4 |
_a335.43097293 _bR426W |
|
| 110 | 1 |
_aRepública Dominicana. _bSecretaría de Estado de Interior y Policía _954546 |
|
| 245 | 1 | 0 |
_aWhite book of communism in Dominican Republic / _cMinistry for Home Affairs. |
| 260 |
_aMadrid : _bGráficas Rey, _c1958. |
||
| 300 |
_a285 p. ; _c22 cm. |
||
| 546 | _aInglés | ||
| 590 | _aInventariado, 2018/LP | ||
| 650 | 4 |
_aComunismo _zRepública Dominicana _944646 |
|
| 910 | _aValidado. Control de calidad EMS | ||
| 942 |
_2ddc _cLBS1 |
||
| 999 |
_c26962 _d26962 |
||